| 000 | 01109 a2200205 4500 | ||
|---|---|---|---|
| 003 | NUST | ||
| 005 | 20221123165605.0 | ||
| 010 | _a 71149435 | ||
| 020 | _a0135622239 | ||
| 040 | _cNust | ||
| 082 | 0 | 0 | _a519.5,MIL |
| 100 | 1 |
_aMiller, Irwin _939341 |
|
| 245 | 0 | 0 |
_aJohn E. Freud's Mathematical statistics / _bIrwin Miller, Marylees Miller |
| 250 | _a6th ed. | ||
| 260 |
_aEnglewood Cliffs, N.J., _bPrentice-Hall _c[1971] |
||
| 300 |
_axii, 463 p.: _billus. _c24 cm. |
||
| 505 | _aIntroductions (Page-1), Probability (Page-25), Probability Distributions and Probability (Page-73), Mathematical Expectations (Page-129), Special Probability Distributions (Page-167), Special Probability Densities (Page-203), Functions Random Variables (Page-236), Sampling Distributions (Page-266), Decision Theory (Page-300), Estimation Theory (Page-322), Estimations Applications (Page-360), Hypothesis Testing Theory (Page-384), Hypothesis Testing Applications (Page-410), Regression and Correlation (Page-449), Analysis of Variance (Page-496). | ||
| 650 | 0 |
_aMathematical statistics. _961 |
|
| 942 |
_2ddc _cBK _k519.5,MIL |
||
| 999 |
_c178476 _d178476 |
||